000 01679nam a22001577a 4500
999 _c519394
_d519394
008 220310b ||||| |||| 00| 0 eng d
100 _aKasdin, Stuart Roy
_932323
245 _aContinuing costs: The impact of continuing resolutions on federal contracting
260 _aAmerican Review of Public Administration
300 _a51(7), Oct, 2021: p.542-559
520 _aAre there unintended consequences from Congress’ use of continuing resolutions (CRs), which are designed as short-term funding to bridge the period before regular appropriations are completed? During a CR, agencies are restricted in their ability to issue contracts, and after the CR ends, agencies may rush to complete their contracting before the fiscal year ends. To expedite contracting, we hypothesize that CRs encourage agencies to use sole-source contracts, rather than on a competitive basis, as well as to use cost-reimbursement contract designs, rather than fixed-price contracts. The Obama Administration found that these contracting practices result in “wasted taxpayer resources, poor contractor performance, and inadequate accountability for results . . .” We anticipate that the longer a CR is in effect, the greater the incentive to use sole-source contracts and cost-reimbursement contract designs. There are implications both for future attempts at contracting reforms, as well as for efforts to establish automatic CRs. – Reproduced
650 _aContinuing resolutions, Federal contracting, Wasteful spending, Sole source contracts, Congressional appropriations
_930358
773 _aAmerican Review of Public Administration
906 _aFEDERAL CONTRACTING
942 _cAR